[Event "36th Reykjavik op"]
[Site "Reykjavik ISL"]
[Date "2023.04.04"]
[Round "9.26"]
[White "Dziuba, Marcin"]
[Black "Nilsen, Tobias Lang"]
[WhiteElo "2554"]
[BlackElo "2265"]
[Result "1-0"]
[EventDate "2023.03.29"]
[PlyCount "49"]

1. d4 d5 2. c4 e6 3. Nf3 c6 4. e3 f5 5. Bd3 Nf6 6. O-O Bd6 7. b3 Qe7 8. Bb2 O-O 9.
Nc3 Ne4 10. Ne2 Nd7 11. Rc1 b6 12. Ne5 Bb7 13. f3 Ng5 14. Qe1 Rac8 15. Qg3 c5 16.
Nf4 Nxe5 17. dxe5 Bb8 18. Rfd1 Nf7 19. cxd5 Nxe5 20. dxe6 Rcd8 21. Be2 Bc8 22. Nd5
Qxe6 23. Nc7 Bxc7 24. Bc4 Qxc4 25. bxc4  1-0

[Event "36th Reykjavik op"]
[Site "Reykjavik ISL"]
[Date "2023.04.04"]
[Round "9.27"]
[White "Gretarsson, Hjoervar Steinn"]
[Black "Dauth, Benjamin"]
[WhiteElo "2538"]
[BlackElo "2261"]
[Result "1-0"]
[EventDate "2023.03.29"]
[PlyCount "87"]

1. d4 d5 2. c4 c6 3. Nf3 Nf6 4. g3 dxc4 5. Bg2 g6 6. O-O Bg7 7. a4 O-O 8. Na3 h6
9. Nxc4 Be6 10. b3 Bd5 11. Bb2 Nbd7 12. Rc1 Rc8 13. b4 Nb6 14. Nce5 Qd6 15. a5 Na8
16. Qa4 Nc7 17. Rfd1 Nb5 18. e3 Qe6 19. Re1 Nd6 20. Nd3 Qf5 21. Qd1 g5 22. Qe2 g4
23. Nh4 Qg5 24. f3 gxf3 25. Nxf3 Bxf3 26. Bxf3 Nfe4 27. Nc5 Nxc5 28. Rxc5 Qg6 29.
e4 e5 30. dxe5 Nb5 31. Bh5 Qh7 32. Rf1 Rce8 33. Qg4 Re7 34. e6 fxe6 35. Rxf8+ Kxf8
36. Bg6 Bxb2 37. Bxh7 Rxh7 38. Qxe6 Bd4+ 39. Kg2 Bxc5 40. Qc8+ Kf7 41. bxc5 Kg6 42.
Qf5+ Kg7 43. e5 Nc3 44. Qd7+  1-0

[Event "36th Reykjavik op"]
[Site "Reykjavik ISL"]
[Date "2023.04.04"]
[Round "9.28"]
[White "Rebers, Eugene"]
[Black "Libiszewski, Fabien"]
[WhiteElo "2213"]
[BlackElo "2499"]
[Result "0-1"]
[EventDate "2023.03.29"]
[PlyCount "75"]

1. b3 e5 2. Bb2 Nc6 3. e3 Nf6 4. Nf3 e4 5. Nd4 Nxd4 6. Bxd4 d5 7. c4 c5 8. Bxf6 Qxf6
9. Nc3 d4 10. Nxe4 Qe5 11. Bd3 dxe3 12. fxe3 Bg4 13. Qb1 O-O-O 14. O-O h5 15. b4
cxb4 16. c5 Kb8 17. a3 f5 18. Nd6 Bxd6 19. cxd6 Qxd6 20. Bxf5 Qxd2 21. Qxb4 Qxe3+
22. Kh1 Rd4 23. Qb2 Rhd8 24. Rae1 Rd1 25. Rxd1 Rxd1 26. Rxd1 Bxd1 27. Qb4 Qe5 28.
Qf8+ Kc7 29. Qc8+ Kb6 30. Qd8+ Kc5 31. Qa5+ Kd6 32. Qd8+ Kc5 33. Qa5+ b5 34. Qxa7+
Kc4 35. Qf2 Bg4 36. Qc2+ Kd5 37. Qb3+ Kc6 38. Qc2+  0-1

[Event "36th Reykjavik op"]
[Site "Reykjavik ISL"]
[Date "2023.04.04"]
[Round "9.29"]
[White "Ioannidis, Evgenios"]
[Black "Melaa, Sondre"]
[WhiteElo "2473"]
[BlackElo "2243"]
[Result "1-0"]
[EventDate "2023.03.29"]
[PlyCount "93"]

1. Nf3 Nf6 2. c4 g6 3. Nc3 Bg7 4. e4 e5 5. Nxe5 O-O 6. Nf3 Re8 7. Bd3 c6 8. O-O d5
9. cxd5 cxd5 10. e5 Nfd7 11. Bb5 d4 12. Ne4 d3 13. Nd6 Re7 14. Nxc8 Qxc8 15. Bxd3
Nxe5 16. Be4 Nbc6 17. d3 Nxf3+ 18. Bxf3 Nd4 19. Bg5 Re5 20. Be3 Rb5 21. Rc1 Qd7 22.
b3 Rd8 23. g3 Nxf3+ 24. Qxf3 Bd4 25. Rfe1 Rd5 26. Bf4 g5 27. Be3 Bxe3 28. Rxe3 Rxd3
29. Rxd3 Qxd3 30. Qxb7 Qd2 31. Rc5 h6 32. Qe7 Rd7 33. Rc8+ Kh7 34. Qe4+ Kg7 35. Qe5+
f6 36. Qe6 Rf7 37. a4 a5 38. Ra8 h5 39. h3 Rc7 40. Kg2 Rf7 41. Qc4 f5 42. Qc8 Qd5+
43. Kh2 Kg6 44. Qg8+ Kf6 45. Ra6+ Ke5 46. Qe8+ Kd4 47. Qe3#  1-0

[Event "36th Reykjavik op"]
[Site "Reykjavik ISL"]
[Date "2023.04.04"]
[Round "9.30"]
[White "Stefansson, Vignir Vatnar"]
[Black "Andrews, Todd"]
[WhiteElo "2461"]
[BlackElo "2217"]
[Result "1/2-1/2"]
[EventDate "2023.03.29"]
[PlyCount "93"]

1. Nf3 Nf6 2. c4 g6 3. Nc3 Bg7 4. e4 d6 5. d4 O-O 6. Be2 e5 7. O-O Nc6 8. Be3 exd4
9. Nxd4 Re8 10. f3 Nh5 11. Nxc6 bxc6 12. Qd2 c5 13. Rad1 Bd7 14. f4 Nf6 15. Bf3 Ng4
16. e5 Nxe3 17. Qxe3 Rb8 18. Qd2 Be6 19. Bc6 Rf8 20. Qe2 a6 21. Kh1 Qc8 22. Rd2 Kh8
23. Nd5 Bd7 24. Bxd7 Qxd7 25. exd6 Qxd6 26. f5 c6 27. Ne7 Bd4 28. f6 Qe6 29. g4 Bxf6
30. Qxe6 fxe6 31. Nxc6 Rbc8 32. Rd6 Bxb2 33. Rxf8+ Rxf8 34. Rxe6 Rf4 35. Na5 Bc3
36. Rxa6 Rxg4 37. h3 Re4 38. a3 Re3 39. Kg2 Be5 40. Re6 Rg3+ 41. Kf2 Rxa3 42. Rxe5
Rxa5 43. Kf3 Kg7 44. h4 Kf6 45. Rd5 h5 46. Kg3 Ra3+ 47. Kg2  1/2-1/2

[Event "36th Reykjavik op"]
[Site "Reykjavik ISL"]
[Date "2023.04.04"]
[Round "9.31"]
[White "Knaak, Rainer"]
[Black "Sharma, Isha"]
[WhiteElo "2455"]
[BlackElo "2197"]
[Result "1/2-1/2"]
[EventDate "2023.03.29"]
[PlyCount "93"]

1. d4 Nf6 2. c4 e6 3. g3 Bb4+ 4. Nd2 c5 5. a3 Bxd2+ 6. Qxd2 cxd4 7. Nf3 b6 8. Bg2
Bb7 9. O-O O-O 10. b3 Nc6 11. Nxd4 Nxd4 12. Qxd4 Bxg2 13. Kxg2 d5 14. cxd5 Qxd5+
15. Qxd5 Nxd5 16. Bb2 Rac8 17. Rac1 f5 18. Rfd1 Rfd8 19. Kf3 Rxc1 20. Rxc1 Rd7 21.
Be5 Kf7 22. h3 Rb7 23. e3 Rd7 24. Ke2 h6 25. b4 Ne7 26. f3 b5 27. Rc5 Rd5 28. Rxd5
Nxd5 29. h4 a6 30. Kd3 Ne7 31. e4 Nc6 32. Bc3 h5 33. Ke3 g6 34. Kf4 Ke7 35. Kg5 Kf7
36. Bb2 fxe4 37. fxe4 e5 38. g4 hxg4 39. Kxg4 Kf6 40. Bc1 Nd4 41. Bg5+ Kf7 42. Bd8
Nc2 43. Bc7 Ne3+ 44. Kg5 Nc4 45. Bb8 Kg7 46. Bc7 Kf7 47. Bb8  1/2-1/2

[Event "36th Reykjavik op"]
[Site "Reykjavik ISL"]
[Date "2023.04.04"]
[Round "9.32"]
[White "Rakhmangulova, Anastasiya"]
[Black "Laddha, Shubh Jayesh"]
[WhiteElo "2266"]
[BlackElo "2422"]
[Result "1/2-1/2"]
[EventDate "2023.03.29"]
[PlyCount "86"]

1. e4 e5 2. Nf3 Nc6 3. Bb5 a6 4. Bxc6 dxc6 5. O-O Bg4 6. h3 h5 7. d3 Qf6 8. Be3 Bxf3
9. Qxf3 Qxf3 10. gxf3 Bd6 11. Nd2 f6 12. a4 Ne7 13. Rfb1 g5 14. b4 Kd7 15. Nc4 Ng6
16. Kf1 Rhg8 17. c3 b6 18. Ke2 Rae8 19. a5 b5 20. Nd2 Nf8 21. Nb3 Ne6 22. Rg1 Ref8
23. Rg2 f5 24. exf5 Rxf5 25. h4 Nf4+ 26. Bxf4 exf4 27. Rxg5 Rgxg5 28. hxg5 Re5+ 29.
Kd2 Rxg5 30. d4 Ke6 31. Rh1 Kf5 32. Ke2 Kg6 33. Nd2 Kh6 34. Ne4 Rg6 35. Rh4 Re6 36.
Kf1 Kg6 37. Kg2 Re7 38. Rh1 Re8 39. Kh3 Kh6 40. Rg1 Be7 41. Kh2 Bd6 42. Kh3 Re7 43.
Kg2 Kg6  1/2-1/2

[Event "36th Reykjavik op"]
[Site "Reykjavik ISL"]
[Date "2023.04.04"]
[Round "9.33"]
[White "Throstur, Thorhallsson"]
[Black "Mannion, Stephen"]
[WhiteElo "2392"]
[BlackElo "2190"]
[Result "1/2-1/2"]
[EventDate "2023.03.29"]
[PlyCount "75"]

1. d4 d5 2. c4 dxc4 3. Nf3 Nf6 4. e3 e6 5. Bxc4 c5 6. O-O a6 7. Qe2 b5 8. Bd3 Nbd7
9. a4 c4 10. Bc2 Bb7 11. e4 Be7 12. Bg5 O-O 13. Nbd2 h6 14. Bh4 Nh5 15. Bxe7 Qxe7
16. axb5 axb5 17. b3 cxb3 18. Nxb3 Qb4 19. Rab1 Nf4 20. Qe3 Qc3 21. Qxf4 Qxc2 22.
Nbd2 Rfc8 23. Rfe1 Qa4 24. Rb3 Nf6 25. h3 Rc2 26. Reb1 Bc6 27. Qe3 Qa2 28. d5 exd5
29. e5 Ne4 30. Nxe4 dxe4 31. Nd4 Rc4 32. Nf5 Bd7 33. Nd6 Rca4 34. Nxe4 Ra3 35. Nc5
Qxb1+ 36. Rxb1 Rxe3 37. fxe3 Bc6 38. Rb2  1/2-1/2

[Event "36th Reykjavik op"]
[Site "Reykjavik ISL"]
[Date "2023.04.04"]
[Round "9.34"]
[White "Ladopoulos, Dimitrios"]
[Black "Mack, Andrew"]
[WhiteElo "2391"]
[BlackElo "2183"]
[Result "1-0"]
[EventDate "2023.03.29"]
[PlyCount "179"]

1. d4 d5 2. c4 c6 3. Nf3 Nf6 4. Nc3 e6 5. e3 Nbd7 6. Bd3 dxc4 7. Bxc4 b5 8. Bd3 Bd6
9. Qc2 Bb7 10. a3 O-O 11. Ng5 h6 12. Nge4 Nxe4 13. Nxe4 Be7 14. O-O a5 15. Bd2 Qb8
16. Rfd1 Rc8 17. b4 axb4 18. Bxb4 Bxb4 19. axb4 Rxa1 20. Rxa1 e5 21. Nc5 Nxc5 22.
Qxc5 Rd8 23. Qb6 exd4 24. exd4 Rd7 25. g3 Qd8 26. Qxd8+ Rxd8 27. Ra7 Rd7 28. Bf5
Re7 29. f3 Kf8 30. Be4 h5 31. Kf2 g6 32. h4 f5 33. Bd3 Kf7 34. d5 cxd5 35. Bxb5 Kf6
36. f4 d4 37. Be2 Rc7 38. Ke1 Re7 39. Kd2 Ke6 40. Bc4+ Kd6 41. Bb5 Ke6 42. Bc4+ Kd6
43. Bb5 Ke6 44. Kc1 Kd6 45. Kb2 Ke6 46. Bd3 Kd6 47. Kc1 Ke6 48. Kd2 Kd6 49. Bf1 Ke6
50. b5 Kd6 51. Be2 Ke6 52. b6 Kd6 53. Ra3 Kc5 54. Rb3 Re6 55. Rb5+ Kc6 56. Bc4 Re3
57. Rb3 Rxb3 58. Bxb3 Kxb6 59. Ke2 Kc5 60. Bf7 d3+ 61. Kxd3 Bf3 62. Bxg6 Bg4 63.
Bf7 Bf3 64. Ke3 Bg4 65. Be6 Kd6 66. Ba2 Kc5 67. Bb3 Kb4 68. Bc2 Kc5 69. Bd3 Kd5 70.
Bf1 Kc5 71. Kd3 Kd5 72. Bg2+ Kc5 73. Kc3 Kd6 74. Kd4 Be2 75. Bh3 Ke6 76. Kc5 Bf3
77. Bf1 Bg4 78. Bc4+ Kf6 79. Kd6 Bd1 80. Kd7 Bg4 81. Ke8 Bd1 82. Kf8 Bg4 83. Bf7
Be2 84. Kg8 Bg4 85. Be8 Ke6 86. Kg7 Kd5 87. Kf6 Ke4 88. Kg5 Kf3 89. Bxh5 Kxg3 90.
Bf7  1-0

[Event "36th Reykjavik op"]
[Site "Reykjavik ISL"]
[Date "2023.04.04"]
[Round "9.35"]
[White "Cieslak, Patryk"]
[Black "Sukandar, Irine Kharisma"]
[WhiteElo "2207"]
[BlackElo "2389"]
[Result "0-1"]
[EventDate "2023.03.29"]
[PlyCount "146"]

1. e4 e5 2. Nf3 Nc6 3. Bb5 a6 4. Ba4 Nf6 5. O-O Be7 6. Re1 b5 7. Bb3 d6 8. c3 O-O
9. h3 Bb7 10. d4 Re8 11. Nbd2 Bf8 12. a3 h6 13. Bc2 Nb8 14. b3 Nbd7 15. Bb2 Rb8 16.
Bd3 d5 17. Qc2 dxe4 18. Nxe4 exd4 19. cxd4 Nxe4 20. Bxe4 Bxe4 21. Rxe4 Rxe4 22. Qxe4
Nf6 23. Qc2 Nd5 24. Ne5 Qg5 25. Qe4 Rd8 26. Re1 Qf4 27. Qc2 Bd6 28. Bc1 Qf6 29. Nc6
Rf8 30. Qe4 Bh2+ 31. Kxh2 Qxc6 32. Bb2 Qd6+ 33. g3 Nf6 34. Qe5 Qd7 35. Qf4 Nd5 36.
Qe4 Rd8 37. Kg2 a5 38. Qf3 a4 39. bxa4 bxa4 40. Re5 c6 41. Qg4 Qb7 42. Qe2 Rb8 43.
Re8+ Rxe8 44. Qxe8+ Kh7 45. Qe4+ g6 46. Bc1 Kg7 47. Qe8 Nf6 48. Qe5 c5+ 49. f3 c4
50. Bxh6+ Kxh6 51. Qxf6 Kh7 52. Kf2 c3 53. Ke3 Qb3 54. Qc6 Qxa3 55. Kd3 c2+ 56. Kxc2
Qb3+ 57. Kd2 a3 58. Qc3 Qa4 59. Kc1 a2 60. Qa1 Qb3 61. h4 Kg8 62. g4 Kh7 63. h5 gxh5
64. gxh5 Kh6 65. d5 Qc4+ 66. Kb2 Qd4+ 67. Kxa2 Qxd5+ 68. Kb2 Qd4+ 69. Ka2 Qxa1+ 70.
Kxa1 Kxh5 71. Kb2 Kg5 72. Kc3 Kf4 73. Kd4 f5  0-1

[Event "36th Reykjavik op"]
[Site "Reykjavik ISL"]
[Date "2023.04.04"]
[Round "9.36"]
[White "Cornelisse, John"]
[Black "Ajay Krishna, S"]
[WhiteElo "2203"]
[BlackElo "2382"]
[Result "0-1"]
[EventDate "2023.03.29"]
[PlyCount "92"]

1. e4 c5 2. Nf3 d6 3. Bb5+ Bd7 4. Bxd7+ Nxd7 5. O-O Ngf6 6. Qe2 e6 7. c4 Be7 8. d4
cxd4 9. Nxd4 Qa5 10. Nc3 Rc8 11. Nb3 Qb4 12. Nd2 Ne5 13. a3 Qc5 14. b3 Nfd7 15. Bb2
Ng6 16. Rad1 O-O 17. Nf3 Qb6 18. Nd4 Nc5 19. Qc2 a6 20. Kh1 Bf6 21. Nce2 Rfd8 22.
f4 e5 23. Nf5 Qxb3 24. Qxb3 Nxb3 25. Nxd6 Rc7 26. fxe5 Nxe5 27. Bxe5 Bxe5 28. Nxb7
Rdd7 29. Nd8 Nd2 30. Rf5 Bf6 31. Nf4 Bxd8 32. Nd5 Rxc4 33. g3 g6 34. Re5 Rxe4 35.
Nf6+ Bxf6 36. Rxe4 Bg5 37. Ra4 Rd6 38. Kg2 h5 39. h4 Bh6 40. g4 hxg4 41. Rxg4 Rd5
42. Rb4 Kg7 43. a4 Rc5 44. Re1 Nc4 45. Re7 Ne3+ 46. Kf3 Nd5  0-1

[Event "36th Reykjavik op"]
[Site "Reykjavik ISL"]
[Date "2023.04.04"]
[Round "9.37"]
[White "Kusa, Jakub"]
[Black "Sivakumar, Ashvin"]
[WhiteElo "2373"]
[BlackElo "2181"]
[Result "1/2-1/2"]
[EventDate "2023.03.29"]
[PlyCount "73"]

1. d4 Nf6 2. Nf3 g6 3. c4 Bg7 4. Nc3 d6 5. e4 O-O 6. Be2 Nbd7 7. O-O e5 8. Be3 Qe7
9. Qc2 c6 10. Rad1 h6 11. d5 c5 12. Ne1 Nh7 13. Nd3 f5 14. f3 Ndf6 15. b4 b6 16.
bxc5 bxc5 17. exf5 Bxf5 18. g4 e4 19. gxf5 exd3 20. Qxd3 gxf5 21. Rde1 Rae8 22. Bd1
Nh5 23. Ba4 Rb8 24. Kh1 Qh4 25. Bf2 Qh3 26. Ne2 Be5 27. Rg1+ Kh8 28. Ng3 Ng5 29.
Rxe5 dxe5 30. Qc3 Kh7 31. Qxe5 Ng7 32. Bd1 Rbe8 33. Qb2 Rf7 34. Bxc5 f4 35. Ne4 Nxf3
36. Qc2 Kg8 37. Nd6  1/2-1/2

[Event "36th Reykjavik op"]
[Site "Reykjavik ISL"]
[Date "2023.04.04"]
[Round "9.38"]
[White "Garbuz, Vitaliy"]
[Black "Rosen, Eric"]
[WhiteElo "2155"]
[BlackElo "2357"]
[Result "0-1"]
[EventDate "2023.03.29"]
[PlyCount "160"]

1. e4 c5 2. d4 cxd4 3. c3 dxc3 4. Nxc3 Nc6 5. Nf3 e6 6. Bc4 Bb4 7. O-O Nge7 8. Nb5
d5 9. Bf4 O-O 10. Nc7 Ng6 11. Bg3 dxc4 12. Qxd8 Rxd8 13. Nxa8 f5 14. exf5 exf5 15.
a3 Be7 16. Bc7 Re8 17. Rfe1 Kf7 18. Ne5+ Ncxe5 19. Bxe5 Nxe5 20. Rxe5 Bf6 21. Rxe8
Kxe8 22. Rc1 Kd7 23. Rxc4 Be5 24. Rc5 Bf6 25. Ra5 Kc6 26. Rxa7 Bxb2 27. a4 Bd4 28.
Ra5 b6 29. Rb5 g6 30. h4 Bb7 31. Nxb6 Bxb6 32. h5 Bc7 33. g3 Ba6 34. hxg6 hxg6 35.
Rb4 g5 36. Kg2 Kc5 37. Rb1 Bc4 38. Kg1 g4 39. Rb2 Ba5 40. Rb8 Bd3 41. Kh2 Kc6 42.
Rb2 Be4 43. Kg1 Bc3 44. Rb5 Bd4 45. Rb8 Bb6 46. Kf1 Kc7 47. Rf8 Kb7 48. Re8 Ka6 49.
Re5 Bd4 50. Re8 Ka5 51. Rc8 Bb6 52. Rb8 Ba7 53. Rb2 Bd4 54. Rb8 Kxa4 55. Ke2 Ka5
56. Kf1 Bb6 57. Ke2 Kb5 58. Kf1 Kc6 59. Rf8 Kd5 60. Rb8 Bc7 61. Rc8 Bd6 62. Rd8 Bf3
63. Rc8 Be5 64. Rd8+ Ke4 65. Rd7 Bd4 66. Rc7 Kd3 67. Re7 Be4 68. Rd7 Bc6 69. Rd6
Bb7 70. Rd7 Ba6 71. Kg2 Bb5 72. Re7 Kd2 73. Re6 Bd3 74. Rd6 Bc3 75. Re6 Be2 76. Rd6+
Ke1 77. Re6 Bd4 78. Rh6 Bf3+ 79. Kg1 Bxf2 80. Kh2 Kf1  0-1

[Event "36th Reykjavik op"]
[Site "Reykjavik ISL"]
[Date "2023.04.04"]
[Round "9.39"]
[White "Hallsson, Jon Eggert"]
[Black "Cramling Bellon, Anna"]
[WhiteElo "1747"]
[BlackElo "2066"]
[Result "0-1"]
[EventDate "2023.03.29"]
[PlyCount "77"]

1. e4 c5 2. c3 Nf6 3. e5 Nd5 4. d4 cxd4 5. cxd4 e6 6. Nf3 d6 7. Be2 Nc6 8. O-O Qc7
9. Re1 Be7 10. a3 O-O 11. Bc4 dxe5 12. Bxd5 exd5 13. dxe5 Be6 14. Nc3 Rfd8 15. Bf4
Qb6 16. b4 Rac8 17. Qd3 h6 18. Na4 Qc7 19. Rac1 Qd7 20. Nc5 Bxc5 21. Rxc5 b6 22.
Rc3 d4 23. Rcc1 Bf5 24. Qd2 d3 25. Be3 Bg4 26. Bf4 Bxf3 27. e6 fxe6 28. gxf3 Qd5
29. Re4 g5 30. Kh1 Kh7 31. Be3 Qf5 32. Rec4 Ne7 33. Rxc8 Rxc8 34. Kg2 g4 35. f4 Rxc1
36. Qxc1 Nd5 37. Kg3 e5 38. fxe5 Qf3+ 39. Qd2  0-1

[Event "36th Reykjavik op"]
[Site "Reykjavik ISL"]
[Date "2023.04.04"]
[Round "9.40"]
[White "O`gorman, Tom"]
[Black "Mohota, Nisha"]
[WhiteElo "2357"]
[BlackElo "2177"]
[Result "0-1"]
[EventDate "2023.03.29"]
[PlyCount "142"]

1. e4 e5 2. Nf3 Nc6 3. Bb5 a6 4. Ba4 Nf6 5. O-O Be7 6. Re1 b5 7. Bb3 d6 8. c3 O-O
9. h3 Nb8 10. d4 Nbd7 11. Nbd2 Bb7 12. a4 c5 13. Bc2 cxd4 14. cxd4 Rc8 15. axb5 axb5
16. d5 Ra8 17. Rxa8 Qxa8 18. Bd3 b4 19. Nb3 Ba6 20. Be3 Rc8 21. Qe2 Bxd3 22. Qxd3
Qa2 23. Nfd2 Qxb2 24. Na5 Nc5 25. Qc4 Qc3 26. Rc1 Qxc4 27. Rxc4 Kf8 28. Rxb4 Nfd7
29. Nc6 Ra8 30. Nb3 Nxb3 31. Rxb3 Ke8 32. Kf1 Ra4 33. Nb4 h6 34. f3 Bh4 35. Rb2 Bg3
36. Ke2 Bf4 37. Bf2 Bc1 38. Rb1 Bg5 39. Rb2 Bc1 40. Rb1 Bg5 41. g3 h5 42. h4 Bh6
43. Kf1 f6 44. Rb2 Bc1 45. Rb3 Bd2 46. Nc6 Ra1+ 47. Kg2 Ra2 48. Kh3 g5 49. Ba7 gxh4
50. Kxh4 Be3 51. Kxh5 Bxa7 52. Rb7 Bb6 53. Kg4 Ra3 54. f4 Re3 55. Kf5 Rxg3 56. Nb8
Nxb8 57. Rxb8+ Bd8 58. Ke6 exf4 59. Kxd6 Re3 60. e5 Rxe5 61. Rb1 f3 62. Rf1 Re3 63.
Kc6 Rc3+ 64. Kd6 Kf7 65. Kd7 Bb6 66. d6 Bd4 67. Kd8 f2 68. Rd1 Rg3 69. d7 Bb6+ 70.
Kc8 Rg1 71. Rd6 Rg8+  0-1

[Event "36th Reykjavik op"]
[Site "Reykjavik ISL"]
[Date "2023.04.04"]
[Round "9.42"]
[White "Ornolfsson, Magnus P."]
[Black "Song, Julien"]
[WhiteElo "2153"]
[BlackElo "2348"]
[Result "0-1"]
[EventDate "2023.03.29"]
[PlyCount "102"]

1. e4 c6 2. d4 d5 3. e5 c5 4. dxc5 e6 5. Nf3 Bxc5 6. Bd3 Nc6 7. a3 f6 8. b4 Be7 9.
Bb2 Nh6 10. O-O Nf7 11. Bb5 O-O 12. Bxc6 bxc6 13. Nbd2 a5 14. Re1 axb4 15. axb4 Rb8
16. Nd4 Qb6 17. b5 cxb5 18. f4 fxe5 19. fxe5 Ng5 20. Qg4 Bd7 21. h4 Nf7 22. Kh2 Nh6
23. Qh3 Rf4 24. N2f3 Ng4+ 25. Kg3 Rbf8 26. c3 h5 27. Qh1 b4 28. Re2 Bb5 29. Rd2 Ne3
30. Nxb5 Qxb5 31. Rd4 Nf5+ 32. Kxf4 Nxd4+ 33. Kg3 Ne2+ 34. Kh3 bxc3 35. Bc1 Qc4 36.
Qe1 Qg4+ 37. Kh2 Nxc1 38. Rxc1 d4 39. Rd1 Rd8 40. Rd3 Ba3 41. Qd1 Rc8 42. Qc2 Bc5
43. Qb3 Kh8 44. Qc4 Qf4+ 45. g3 Qf5 46. Ng5 Qf2+ 47. Kh3 Qf1+ 48. Kh2 Rb8 49. Rxc3
Rb2+ 50. Rc2 Qxc4 51. Rxb2 Bb4  0-1

[Event "36th Reykjavik op"]
[Site "Reykjavik ISL"]
[Date "2023.04.04"]
[Round "9.43"]
[White "Dhulipalla, Bala Chandra Prasad"]
[Black "Belenkaya, Dina"]
[WhiteElo "2441"]
[BlackElo "2300"]
[Result "1-0"]
[EventDate "2023.03.29"]
[PlyCount "133"]

1. d4 Nf6 2. c4 e6 3. g3 Bb4+ 4. Bd2 Be7 5. Bg2 d5 6. Nf3 O-O 7. O-O Nbd7 8. Qc2
c6 9. Bf4 a5 10. a4 Nh5 11. Bd2 Nhf6 12. Bf4 Nh5 13. Bc1 Nhf6 14. Nbd2 dxc4 15. Nxc4
Nd5 16. Bd2 Nb4 17. Bxb4 Bxb4 18. Rfd1 Nb6 19. Nxb6 Qxb6 20. Ng5 g6 21. Ne4 Be7 22.
e3 Bd7 23. Nc5 Rad8 24. Nd3 Bc8 25. Qc3 f6 26. Rac1 Rfe8 27. Qc4 Kh8 28. h4 Bf8 29.
Bh3 Rd5 30. Bg2 Rdd8 31. Bh3 Rd5 32. Bg4 Bg7 33. b3 Rd6 34. Bh3 Qd8 35. Qc2 Rd5 36.
Bg2 Rd6 37. Bh3 Rd5 38. Bg2 Rd7 39. Rb1 Bf8 40. Bh3 Rg7 41. Bg2 g5 42. hxg5 Rxg5
43. Be4 Bd6 44. Kg2 f5 45. Bf3 Qc7 46. Kf1 Re7 47. Ke2 Kg8 48. Qc3 Bd7 49. Rh1 Be8
50. Rh6 Qb6 51. Rbh1 Qa6 52. Kf1 Bb4 53. Qc2 Bd6 54. Kg2 Rgg7 55. Nc5 Bxc5 56. Qxc5
Qd3 57. b4 axb4 58. Qxb4 Bg6 59. Qc5 f4 60. Rd1 Qc2 61. exf4 Qxa4 62. Re1 Qb3 63.
Re5 Rgf7 64. Rh1 Qa2 65. Rhe1 Kf8 66. Rxe6 Qc2 67. Rxe7  1-0

[Event "36th Reykjavik op"]
[Site "Reykjavik ISL"]
[Date "2023.04.04"]
[Round "9.44"]
[White "Fitzsimons, David"]
[Black "Williams, Simon"]
[WhiteElo "2338"]
[BlackElo "2461"]
[Result "1/2-1/2"]
[EventDate "2023.03.29"]
[PlyCount "90"]

1. e4 c5 2. Nc3 a6 3. g3 Nc6 4. Bg2 g6 5. d3 Bg7 6. Be3 d6 7. f4 e6 8. Nf3 Nge7 9.
O-O O-O 10. d4 d5 11. exd5 exd5 12. Bf2 Nf5 13. dxc5 d4 14. Na4 Ne3 15. Bxe3 dxe3
16. Qxd8 Rxd8 17. Nb6 Bxb2 18. Rab1 Ba3 19. Nxa8 Bxc5 20. Rfe1 Nb4 21. Kh1 Bf5 22.
Nc7 Rc8 23. a3 Nxc2 24. Nd5 Rd8 25. Ng1 Kg7 26. Re2 Nd4 27. Rc1 Bxa3 28. Rc3 Nxe2
29. Rxa3 Nxg1 30. Kxg1 e2 31. Kf2 Bg4 32. Re3 h5 33. Nc3 b5 34. h3 Be6 35. Kxe2 b4
36. Na4 b3 37. Rc3 a5 38. Nc5 Rb8 39. Nxe6+ fxe6 40. Rc7+ Kf6 41. Rb7 Rxb7 42. Bxb7
a4 43. Kd3 a3 44. Kc3 a2 45. Kb2 e5  1/2-1/2

[Event "36th Reykjavik op"]
[Site "Reykjavik ISL"]
[Date "2023.04.04"]
[Round "9.45"]
[White "Mai, Alexander Oliver"]
[Black "Griffith, Kyron"]
[WhiteElo "2141"]
[BlackElo "2342"]
[Result "0-1"]
[EventDate "2023.03.29"]
[PlyCount "71"]

1. e4 c5 2. Nf3 d6 3. d4 cxd4 4. Nxd4 Nf6 5. Nc3 a6 6. Bg5 e6 7. f4 Nbd7 8. Qe2 h6
9. Bh4 e5 10. Nf5 exf4 11. O-O-O g5 12. Bf2 Ne5 13. h4 Rg8 14. Bd4 Qc7 15. Qf2 Be6
16. a4 Qc6 17. Bb6 Nxe4 18. Nxe4 Qxe4 19. Nxd6+ Bxd6 20. Rxd6 Qxa4 21. hxg5 hxg5
22. Qc5 Nd7 23. Qc7 Qa1+ 24. Kd2 Qxb2 25. Bd3 Qb4+ 26. c3 Qb2+ 27. Bc2 Bf5 28. Rc1
Rg6 29. Rxd7 Bxd7 30. Qe5+ Be6 31. Qh8+ Kd7 32. Qd4+ Bd5 33. Rb1 Qa2 34. Bc5 Rd8
35. Ke1 Ke8 36. Bxg6  0-1

[Event "36th Reykjavik op"]
[Site "Reykjavik ISL"]
[Date "2023.04.04"]
[Round "9.46"]
[White "Soderstrom, Adrian"]
[Black "Van Kessel, Wessel"]
[WhiteElo "2322"]
[BlackElo "2137"]
[Result "1-0"]
[EventDate "2023.03.29"]
[PlyCount "87"]

1. d4 Nf6 2. c4 c5 3. d5 b5 4. cxb5 a6 5. e3 Bb7 6. Nc3 Qa5 7. Bd2 Qb6 8. a4 Nxd5
9. Nxd5 Bxd5 10. Nf3 Qb7 11. Bc3 d6 12. bxa6 Nxa6 13. Bb5+ Bc6 14. O-O Nc7 15. Bxc6+
Qxc6 16. Ra3 e5 17. b4 cxb4 18. Bxb4 Nd5 19. Bd2 Be7 20. Qb3 Rc8 21. Raa1 O-O 22.
Rfc1 Qa8 23. a5 Nf6 24. h3 Ne4 25. Bb4 Rxc1+ 26. Rxc1 Qb7 27. Qa4 f5 28. a6 Qa7 29.
Qa5 Nc5 30. Bxc5 dxc5 31. Nxe5 Bd6 32. Nc4 Bb8 33. Qb5 Qc7 34. g3 Rd8 35. Qb3 Kf8
36. Rd1 Re8 37. Qb5 Re7 38. Nb6 Rxe3 39. Nd7+ Ke7 40. Qxb8 Qxb8 41. Nxb8 Ra3 42.
Nc6+ Ke6 43. a7 c4 44. Rd8  1-0

[Event "36th Reykjavik op"]
[Site "Reykjavik ISL"]
[Date "2023.04.04"]
[Round "9.47"]
[White "Pourkashiyan, Atousa"]
[Black "Harish, Neeraj"]
[WhiteElo "2313"]
[BlackElo "2127"]
[Result "0-1"]
[EventDate "2023.03.29"]
[PlyCount "94"]

1. e4 e5 2. Nf3 Nc6 3. Bb5 a6 4. Ba4 Nf6 5. d3 b5 6. Bb3 Bc5 7. O-O O-O 8. Nc3 d6
9. Bg5 h6 10. Bh4 Nd4 11. Nd5 g5 12. Nxg5 Nxd5 13. Qh5 hxg5 14. Bxg5 Ne2+ 15. Kh1
Nef4 16. Qh4 Qd7 17. Bxd5 Nxd5 18. Bh6 Qg4 19. Qxg4+ Bxg4 20. Bxf8 Rxf8 21. exd5
f5 22. f3 Bh5 23. a4 b4 24. c3 Rb8 25. a5 Bf7 26. c4 Bd4 27. Rab1 b3 28. f4 e4 29.
dxe4 fxe4 30. Rfd1 Bc5 31. g4 Rb4 32. Rbc1 Be3 33. Rc3 Bxf4 34. c5 Rb5 35. Rc4 Be5
36. h4 Rxa5 37. Rb4 Rxc5 38. Rxb3 Bxd5 39. Rb8+ Kg7 40. Kg1 Be6 41. g5 Bg4 42. Re1
Bg3 43. Rxe4 Bf3 44. Re7+ Kg6 45. Re6+ Kh5 46. Rh8+ Kg4 47. Re1 Bxe1  0-1

[Event "36th Reykjavik op"]
[Site "Reykjavik ISL"]
[Date "2023.04.04"]
[Round "9.48"]
[White "Sigurbjorn, Bjornsson"]
[Black "Ingvason, Johann"]
[WhiteElo "2310"]
[BlackElo "2122"]
[Result "1-0"]
[EventDate "2023.03.29"]
[PlyCount "68"]

1. e4 c5 2. Nf3 d6 3. d4 cxd4 4. Nxd4 Nf6 5. Nc3 a6 6. Bg5 e5 7. Bxf6 gxf6 8. Nf5
Bxf5 9. exf5 Nd7 10. Bc4 Nb6 11. Bd5 Qc7 12. Qd3 Bh6 13. Ne4 O-O-O 14. O-O Bg5 15.
a4 Nd7 16. b4 Kb8 17. a5 Rc8 18. c4 Ka8 19. Rfb1 Kb8 20. Bxf7 d5 21. Bxd5 Rhd8 22.
g3 Bh6 23. b5 Nc5 24. Nxc5 Qxc5 25. bxa6 Rc7 26. Rb5 Qa7 27. Rb6 Bf8 28. Rab1 Rdd7
29. Qf3 Bc5 30. Bxb7 Rd2 31. Qh5 Bxf2+ 32. Kf1 Re7 33. Qh6 Rd1+ 34. Rxd1 Bxb6  1-0

[Event "36th Reykjavik op"]
[Site "Reykjavik ISL"]
[Date "2023.04.04"]
[Round "9.49"]
[White "Briem, Benedikt"]
[Black "Olson, Hamish"]
[WhiteElo "2127"]
[BlackElo "2309"]
[Result "0-1"]
[EventDate "2023.03.29"]
[PlyCount "114"]

1. d4 d5 2. c4 e6 3. Nf3 Nf6 4. g3 Bb4+ 5. Nbd2 O-O 6. Bg2 b6 7. O-O Bb7 8. a3 Be7
9. cxd5 exd5 10. b4 a5 11. b5 c6 12. Qa4 Re8 13. Ne5 Bd6 14. Bb2 cxb5 15. Qxb5 Nbd7
16. Ndf3 Ba6 17. Qc6 Qe7 18. Bh3 Rec8 19. Qa4 Rc7 20. Rfc1 Rac8 21. Rxc7 Rxc7 22.
e3 h6 23. Qd1 Nf8 24. Rc1 Rxc1 25. Qxc1 Qc7 26. Qxc7 Bxc7 27. Nd2 Ne6 28. Nb1 Bd6
29. Nc3 Nc7 30. Nd7 Nxd7 31. Bxd7 Bc4 32. a4 Bb4 33. f3 Kf8 34. e4 Ke7 35. Bc8 Bb3
36. Kf2 Bxc3 37. Bxc3 Bxa4 38. Bb7 Kd7 39. h4 Bc6 40. Bxc6+ Kxc6 41. Ke3 Kb5 42.
Kd3 h5 43. Bd2 Kc6 44. g4 g6 45. gxh5 gxh5 46. Ke3 Nb5 47. Bc1 a4 48. Bb2 Nd6 49.
Kf4 Nc4 50. Bc3 a3 51. Kf5 a2 52. Kf6 b5 53. Kxf7 b4 54. Ba1 b3 55. e5 b2 56. Bxb2
Nxb2 57. e6 Nc4  0-1

[Event "36th Reykjavik op"]
[Site "Reykjavik ISL"]
[Date "2023.04.04"]
[Round "9.50"]
[White "Pozimski, Szymon"]
[Black "Karthik, Rajaa"]
[WhiteElo "1972"]
[BlackElo "2302"]
[Result "1/2-1/2"]
[EventDate "2023.03.29"]
[PlyCount "55"]

1. Nf3 Nf6 2. c4 c5 3. Nc3 Nc6 4. e3 e6 5. d4 d5 6. a3 dxc4 7. Bxc4 a6 8. dxc5 Qxd1+
9. Kxd1 Bxc5 10. b4 Be7 11. Ke2 b5 12. Bb3 O-O 13. Bb2 Bb7 14. Rhd1 Rfc8 15. Ke1
Nb8 16. Rac1 Nbd7 17. Ne2 Nb6 18. Kf1 Bd5 19. Bxd5 Nbxd5 20. Ned4 Kf8 21. Nc6 Ke8
22. Ke2 Ne4 23. Nd2 Nxd2 24. Kxd2 Nb6 25. Na5 f6 26. Bd4 Nd5 27. Ke2 e5 28. Bc5  1/2-1/2